000 00843nas a2200265 4500
001 BR9700123
003 BR-BrBNA
005 20231205095936.0
007 ta
008 230509b bl.|||p| |||| 00| 00por d
040 _aBR-BrBNA
_bpor
_cBiblioteca Nacional de Agricultura
041 _a(Pt)
072 _aH20
100 1 _aMay, L.L.
100 1 _aFancelli, M.I.
100 1 _aKimati, H.
245 1 _aIdentificacao de Cylindrocladium clavatum em macadamia (Macadamia integrifolia Maiden Betche)e eficiencia de fungicidas in vitro
650 _aMacadamia
650 _aPodridao da Raiz
650 _aFungicida
650 _aControle Quimico
773 0 _tRevista do Setor de Ciencias Agrarias (Brazil)
_xISSN 0100-607X
_g(1996), v. 15(1) p. 93-96
_wBR9700123
909 _a202311
_bLúcia
_c55
_dLúcia Elande
942 _2AGRIS
_n0
_cANA
999 _c153575
_d153575